<?xml version="1.0" encoding="UTF-8"?>
<record
    xmlns:xsi="http://www.w3.org/2001/XMLSchema-instance"
    xsi:schemaLocation="http://www.loc.gov/MARC21/slim http://www.loc.gov/standards/marcxml/schema/MARC21slim.xsd"
    xmlns="http://www.loc.gov/MARC21/slim">

  <leader>01026nam a22002417a 4500</leader>
  <controlfield tag="001">3682</controlfield>
  <controlfield tag="003">FISKH</controlfield>
  <controlfield tag="005">20250528093139.0</controlfield>
  <controlfield tag="008">240409b        cb ||||| |||| 00| 0 eng d</controlfield>
  <datafield tag="040" ind1=" " ind2=" ">
    <subfield code="a">FISKH</subfield>
    <subfield code="b">khr</subfield>
    <subfield code="c">FISKH</subfield>
    <subfield code="d">FISKH</subfield>
  </datafield>
  <datafield tag="050" ind1=" " ind2=" ">
    <subfield code="a">PZ7 </subfield>
  </datafield>
  <datafield tag="082" ind1=" " ind2=" ">
    <subfield code="a">398.209596</subfield>
  </datafield>
  <datafield tag="100" ind1=" " ind2=" ">
    <subfield code="a">Anonymous</subfield>
  </datafield>
  <datafield tag="245" ind1=" " ind2=" ">
    <subfield code="a">&#x1794;&#x17D2;&#x179A;&#x1787;&#x17BB;&#x17C6;&#x179A;&#x17BF;&#x1784;&#x1796;&#x17D2;&#x179A;&#x17C1;&#x1784;&#x1781;&#x17D2;&#x1798;&#x17C2;&#x179A; &#x1797;&#x17B6;&#x1782;&#x1791;&#x17B8;&#x17E5; / </subfield>
    <subfield code="c">&#x1780;&#x17D2;&#x179A;&#x17BB;&#x1798;&#x1794;&#x17D2;&#x179A;&#x1787;&#x17BB;&#x17C6;&#x1791;&#x17C6;&#x1793;&#x17C0;&#x1798;&#x1791;&#x17C6;&#x179B;&#x17B6;&#x1794;&#x17CB;&#x1781;&#x17D2;&#x1798;&#x17C2;&#x179A;</subfield>
  </datafield>
  <datafield tag="260" ind1=" " ind2=" ">
    <subfield code="a">&#x1797;&#x17D2;&#x1793;&#x17C6;&#x1796;&#x17C1;&#x1789; : </subfield>
    <subfield code="b">&#x1782;&#x17D2;&#x179A;&#x17B7;&#x17C7;&#x179F;&#x17D2;&#x1790;&#x17B6;&#x1793;&#x1794;&#x17C4;&#x17C7;&#x1796;&#x17BB;&#x1798;&#x17D2;&#x1796; &#x1793;&#x17B7;&#x1784;&#x1785;&#x17C2;&#x1780;&#x1795;&#x17D2;&#x179F;&#x17B6;&#x1799;&#x1793;&#x17C3;&#x1780;&#x17D2;&#x179A;&#x179F;&#x17BD;&#x1784;&#x17A2;&#x1794;&#x17CB;&#x179A;&#x17C6; &#x1799;&#x17BB;&#x179C;&#x1787;&#x1793; &#x1793;&#x17B7;&#x1784;&#x1780;&#x17B8;&#x17A1;&#x17B6;, </subfield>
    <subfield code="c">2009.</subfield>
  </datafield>
  <datafield tag="300" ind1=" " ind2=" ">
    <subfield code="a">90 pages : </subfield>
    <subfield code="c">25 cm </subfield>
  </datafield>
  <datafield tag="520" ind1=" " ind2=" ">
    <subfield code="a">&#x1794;&#x17D2;&#x179A;&#x1787;&#x17BB;&#x17C6;&#x179A;&#x17BF;&#x1784;&#x1796;&#x17D2;&#x179A;&#x17C1;&#x1784;&#x1781;&#x17D2;&#x1798;&#x17C2;&#x179A; &#x1797;&#x17B6;&#x1782;&#x17E5; &#x1790;&#x17D2;&#x1793;&#x17B6;&#x1780;&#x17CB;&#x1791;&#x17BC;&#x1791;&#x17C5;


</subfield>
  </datafield>
  <datafield tag="520" ind1=" " ind2=" ">
    <subfield code="a">Collection of Khmer legends, part 5, general level.</subfield>
  </datafield>
  <datafield tag="650" ind1=" " ind2=" ">
    <subfield code="a">&#x179A;&#x17BF;&#x1784;&#x1793;&#x17B7;&#x1791;&#x17B6;&#x1793; </subfield>
  </datafield>
  <datafield tag="650" ind1=" " ind2=" ">
    <subfield code="a">Fairy tale</subfield>
  </datafield>
  <datafield tag="942" ind1=" " ind2=" ">
    <subfield code="2">ddc</subfield>
    <subfield code="c">KHB</subfield>
    <subfield code="n">0</subfield>
  </datafield>
  <datafield tag="999" ind1=" " ind2=" ">
    <subfield code="c">3682</subfield>
    <subfield code="d">3682</subfield>
  </datafield>
  <datafield tag="952" ind1=" " ind2=" ">
    <subfield code="0">0</subfield>
    <subfield code="1">0</subfield>
    <subfield code="2">ddc</subfield>
    <subfield code="4">0</subfield>
    <subfield code="7">0</subfield>
    <subfield code="8">KH</subfield>
    <subfield code="a">001</subfield>
    <subfield code="b">001</subfield>
    <subfield code="c">OKHR</subfield>
    <subfield code="d">2024-04-09</subfield>
    <subfield code="l">0</subfield>
    <subfield code="o">ANO 398.209596 PZ7 </subfield>
    <subfield code="p">FISTK03673</subfield>
    <subfield code="r">2024-04-09 10:58:16</subfield>
    <subfield code="t">1</subfield>
    <subfield code="w">2024-04-09</subfield>
    <subfield code="y">KHB</subfield>
  </datafield>
  <datafield tag="952" ind1=" " ind2=" ">
    <subfield code="0">0</subfield>
    <subfield code="1">0</subfield>
    <subfield code="2">ddc</subfield>
    <subfield code="4">0</subfield>
    <subfield code="7">0</subfield>
    <subfield code="8">KH</subfield>
    <subfield code="a">001</subfield>
    <subfield code="b">001</subfield>
    <subfield code="c">OKHR</subfield>
    <subfield code="d">2024-04-09</subfield>
    <subfield code="l">0</subfield>
    <subfield code="o">ANO 398.209596 PZ7 </subfield>
    <subfield code="p">FISTK03672</subfield>
    <subfield code="r">2024-04-09 10:58:47</subfield>
    <subfield code="t">2</subfield>
    <subfield code="w">2024-04-09</subfield>
    <subfield code="y">KHB</subfield>
  </datafield>
  <datafield tag="952" ind1=" " ind2=" ">
    <subfield code="0">0</subfield>
    <subfield code="1">0</subfield>
    <subfield code="2">ddc</subfield>
    <subfield code="4">0</subfield>
    <subfield code="7">0</subfield>
    <subfield code="8">KH</subfield>
    <subfield code="a">002</subfield>
    <subfield code="b">002</subfield>
    <subfield code="c">TTP Khmer</subfield>
    <subfield code="d">2025-03-31</subfield>
    <subfield code="l">1</subfield>
    <subfield code="o">ANO 398.209596 PZ7 </subfield>
    <subfield code="p">FISSE02491</subfield>
    <subfield code="r">2025-09-30 10:29:18</subfield>
    <subfield code="s">2025-07-15</subfield>
    <subfield code="t">3</subfield>
    <subfield code="w">2025-03-31</subfield>
    <subfield code="y">KHB</subfield>
  </datafield>
  <datafield tag="952" ind1=" " ind2=" ">
    <subfield code="0">0</subfield>
    <subfield code="1">0</subfield>
    <subfield code="2">ddc</subfield>
    <subfield code="4">0</subfield>
    <subfield code="7">0</subfield>
    <subfield code="8">KH</subfield>
    <subfield code="a">002</subfield>
    <subfield code="b">002</subfield>
    <subfield code="c">SKB</subfield>
    <subfield code="d">2025-03-31</subfield>
    <subfield code="l">0</subfield>
    <subfield code="o">ANO 398.209596 PZ7 </subfield>
    <subfield code="p">FISSE02493</subfield>
    <subfield code="r">2025-03-31 10:13:46</subfield>
    <subfield code="t">4</subfield>
    <subfield code="w">2025-03-31</subfield>
    <subfield code="y">KHB</subfield>
  </datafield>
  <datafield tag="952" ind1=" " ind2=" ">
    <subfield code="0">0</subfield>
    <subfield code="1">0</subfield>
    <subfield code="2">ddc</subfield>
    <subfield code="4">0</subfield>
    <subfield code="7">0</subfield>
    <subfield code="8">KH</subfield>
    <subfield code="a">002</subfield>
    <subfield code="b">002</subfield>
    <subfield code="c">SKB</subfield>
    <subfield code="d">2025-10-28</subfield>
    <subfield code="l">0</subfield>
    <subfield code="o">ANO 398.209596 PZ7 </subfield>
    <subfield code="p">FISSE02476</subfield>
    <subfield code="r">2025-10-28 10:58:42</subfield>
    <subfield code="t">5</subfield>
    <subfield code="w">2025-10-28</subfield>
    <subfield code="y">KHB</subfield>
  </datafield>
</record>
